01362naa#a2200193#i#4500001001600000005001700016011001400033100004100047102000700088200020200095210053800297215001100835608004500846675008200891700005200973700005801025700006401083856002101147RU\\bibl\12173520260501091601.5##a1998-8990##a20260423b2026####ek#y0rusy0150####ca##aRU1#aОСОБЕННОСТИ УСТРОЙСТВА НАСОСНЫХ АГРЕГАТОВ ПОЖАРНЫХ АВТОМОБИЛЕЙ В СОВРЕМЕННЫХ УСЛОВИЯХeЖурнальная статья1#aСанкт-ПетербургcСанкт-Петербургский университет Государственной противопожарной службы Министерства Российской Федерации по делам гражданской обороны, чрезвычайным ситуациям и ликвидации последствий стихийных бедствий имени Героя Российской Федерации генерала армии Е.Н. Зиничеваd2026##a15 с.##aЖурнальная статья2local##aПожарные насосы. Пожарные автомобили. 614.846#1aПресновgАлексей Иванович#1aМарченкоgМихаил Анатольевич#1aКрутолаповgАлександр Сергеевич4#ajournals.igps.ru